| 000 | 01354cam a2200289 4500 | ||
|---|---|---|---|
| 999 |
_c22423 _d22423 |
||
| 001 | 3715145 | ||
| 003 | BDDh-ASL | ||
| 005 | 20231015030130.0 | ||
| 008 | 710412s1881 e b 000 0 eng | ||
| 010 | _a 79912240 | ||
| 040 |
_aDLC _cDLC _dDLC _dBDDh-ASL |
||
| 041 | 1 | _aengper | |
| 050 | 0 | 0 |
_aDS38.6 _b.M5513 1970 |
| 082 |
_a954 _bMIT |
||
| 100 | 0 |
_aMinhāj Sirāj Jūzjānī, _d1193-1266. |
|
| 240 | 1 | 0 |
_aT̤abakāt-i Nāṣirī. _lEnglish |
| 245 | 1 | 0 |
_aT̤abakāt-i-Nāṣirī, Vol.-1, Part-1 : _bA general history of the Muhammadan dynasties of Asia, including Hindustan; from A. H. 194 (810 A.D.) to A.H. 658 (1260 A.D.) and the irruption of the infidel Mughals into Islam / _cby Minhāj-ud-dīn, Abū-ʼUmar-i-ʼUs̤mān. Translated from original Persian manuscripts by H. G. Raverty. |
| 260 |
_aNew Delhi, _aLondon: _bOriental Books Reprint Corp.; exclusively distributed by Munshiram Manoharlal _bGilbert and Rivington, _c[1970] _c1881. |
||
| 300 |
_av-1, p-1, 372 p. : _c22 cm. |
||
| 350 | _a150.00 | ||
| 500 | _a"First published, 1881, in the Bibliotheca Indica series, by Asiatic Society of Bengal." | ||
| 504 | _aIncludes bibliographical references. | ||
| 651 | 0 |
_aIslamic Empire _xHistory. |
|
| 700 | 1 |
_aRaverty, H. G. _q(Henry George), _d1825-1906, _etr. |
|
| 906 |
_a7 _bcbc _corignew _d4 _encip _f19 _gy-gencatlg |
||
| 942 |
_2ddc _cBK |
||